| 000 | 00305nam a2200097Ia 4500 | ||
|---|---|---|---|
| 008 | 220120s9999||||xx |||||||||||||| ||und|| | ||
| 100 |
_aAnusha Rao, Kajal, Suchithra and Vedavathi _912678 |
||
| 245 | 0 | _acollege communications | |
| 260 |
_aCoorg Institute of Technology _bPonnampet _c2017 |
||
| 650 | _aMECHANICAL | ||
| 999 |
_c138278 _d138278 |
||